000 00633nim a2200217 i 4500
001 bgj
100 1 _aBYGRAVE, Jonathan
245 1 0 _aSky :
_bstudent's audio CD /
_cJonathan Bygrave, Brian Abbs, Ingrid Freebairn.
260 _aHarlow, Essex :
_bLongman,
_cc. 2005.
300 _a1 audio compact disc.
650 9 _aEnglish language
_xPrimary Schools
655 _aTextbooks for foreigners
700 1 _aABBS, Brian.
_eco-author
700 1 _aFREEBAIRN, Ingrid.
_eco-author
020 _a1405802502
040 _cBPK
041 0 _aeng
920 _a1405-802-502
942 _cCD
008 s uk f |000 0 eng
999 _c41220
_d41220